The big book of how things works
| Main Author: | |
|---|---|
| Format: | Book |
| Published: |
London :
The Octopus Publishing ,
1990
|
| Series: | The big book of ...
|
| Subjects: |
MARC
| LEADER | 00000cam a2200000 7i4500 | ||
|---|---|---|---|
| 001 | 0000000187 | ||
| 002 | 000000249 | ||
| 005 | 20080401.0 | ||
| 020 | |a 0600568873 | ||
| 090 | 0 | 0 | |a 032.02 |b BIG |
| 100 | 1 | |a Lafferty, Peter | |
| 245 | 1 | 4 | |a The big book of how things works |c Peter Lafferty |
| 260 | |a London : |b The Octopus Publishing , |c 1990 | ||
| 300 | |a 80p. : |b ill. ; |c 32cm. | ||
| 490 | 0 | |a The big book of ... | |
| 650 | 0 | 0 | |a Inventions |x Popular works |
| 650 | 0 | 0 | |a Technology |x Popular works |
| 999 | |a 027459 |b BUKU |c JUNIOR BOOKS |e PERPUSTAKAAN KOMUNITI PETALING JAYA | ||